00343nam a22001217a 4500008004100000020001400041041000800055080001600063082001600079100000700095101001000102245010900112210305b ||||| |||| 00| 0 eng d a093303174 aeng a330.101.541 a330.101.541 a52 aMAKRO aHow economic growth has enriched the few, impoverished the many, and endagered the planetcDouthwaite, R